| 000 | 01436nam a2200241Ia 4500 | ||
|---|---|---|---|
| 003 | Ost | ||
| 005 | 20260507074857.0 | ||
| 008 | 260507s9999||||xx |||||||||||||| ||und|| | ||
| 020 | _a9957181270 | ||
| 040 | _cfsecg | ||
| 041 | _aara | ||
| 082 | _a338.9 | ||
| 100 |
_aالهيتي، صبري فارس _eمؤلف |
||
| 245 | 0 |
_aالتنمية السكانية والإقتصادية في الوطن العربي / _c صبري فارس الهيتي |
|
| 260 |
_aعمان: _bدار المناهج للنشر و التوزيع, _c2007 |
||
| 300 |
_a254 صفحة؛ _bإيضاحات ؛ _c25 سم |
||
| 504 | _aبيبليوغرافيا: ص.203 | ||
| 520 | _aيضم التنمية المستدامة والوطن العربي، العولمة واختلال التنمية في الوطن العربي، تنمية الموارد السكانية، تنمية الموارد المائية العربية، تنمية الموارد الطبيعية والأمن الغذائي العربي، التصحر وتنمية المواد الرعوية، السوق العربية المشتركة والتنمية الاقتصادية، تنمية المواد النفطية العربية، المناهج التعليمية العربية هل مطلوب تنميتها ام تبديلها | ||
| 653 | _aالتنمية الإقتصادية | ||
| 653 | _aالتنمية المستدامة | ||
| 653 | _aالسكان | ||
| 942 | _cكتاب | ||
| 999 |
_c41617 _d41617 |
||